Apoštolské a misijné poslanie laikov

Bibliographic Details
Main Author: Senčík, Štefan, 1920-2001 (Author)
Format: Article
Language:Slovak
Subjects:

MARC

LEADER 00000nab a2200000 a 4500
001 vtls000460412
003 SK-MaSNL
005 20260305014819.0
008 210903c1992 xo 0 slo
015 |a SNBRB19rr/mm-uuuuu 
035 |a CL0460544 
040 |a SNKBUCL  |b slo  |c SNKBUCL  |e AACR2 
041 0 |a slo 
044 |a xo  |c SK 
080 |a 282:256  |2 1981 
080 |a 256  |2 1981 
100 1 |a Senčík, Štefan,  |d 1920-2001  |4 aut  |9 213900 
245 1 0 |a Apoštolské a misijné poslanie laikov  |c Štefan Senčík 
610 2 7 |a Rímskokatolícka cirkev  |2 SNKKA  |9 32394 
650 0 7 |a laici (náboženstvo)  |2 SNKPH  |9 112022 
655 7 |a články z novín a časopisov  |2 SNK  |9 267496 
773 0 |t Viera a život  |g Roč. 2, č. 2 (1992), s. 102-112 
850 |a Slovenská národná knižnica v Martine  |a MTA001 
852 |a SNK  |b KIS3GCP 
958 |a RK 
992 |a RBX 
999 |c 3271521  |d 3273451